| 000 | 01354cam a22002771i 4500 | ||
|---|---|---|---|
| 003 | SA-RiAUC | ||
| 005 | 20250523174106.0 | ||
| 008 | 250514s1989 sy g b 00000 ara c | ||
| 040 |
_aSA-RiAUC _bara _cSA-RiAUC _erda |
||
| 082 | 0 | 4 |
_a214.296 _qSA-RiAUC |
| 090 |
_a214.296 _bس م و |
||
| 100 | 0 |
_aالسموأل بن يحيى بن عباس المغربي، _d525-حوالي 570 هجري _eمؤلف. |
|
| 245 | 1 | 0 |
_aبذل المجهود في إفحام اليهود / _cالسموآل بن يحيى بن عباس ؛ قدم له وخرج نصوصه وعلق عليه عبد الوهاب طويلة. |
| 250 | _aالطبعة الأولى. | ||
| 264 | 1 |
_aدمشق : _aبيروت : _bدار القلم للطباعة والنشر والتوزيع ؛ _bالدار الشامية للطباعة والنشر والتوزيع، _c1989 |
|
| 300 |
_a216 صفحة ؛ _c24 سم |
||
| 336 |
_aنص _btxt _2rdacontent _3كتاب |
||
| 337 |
_aبدون وسيط _bn _2rdamedia |
||
| 338 |
_aمجلد _bnc _2rdacarrier |
||
| 504 | _aيشتمل على إرجاعات ببليوجرافية. | ||
| 650 | 7 |
_aالإسلام واليهودية _2aucsh |
|
| 650 | 7 |
_aالإسلام والديانات الأخرى _2aucsh |
|
| 700 | 1 |
_aطويلة، عبد الوهاب عبد السلام _eمقدم. |
|
| 942 |
_2ddc _cBOOK _n0 |
||
| 949 |
_aSA-JeALM _d250514 _umohamedma123 _n1 |
||
| 999 |
_c8305 _d8305 |
||